000
00348nam a2200145Ia 4500
008
240624s9999 xx 000 0 und d
041
_a
eng
082
_a
005.74 HAN
100
_a
HANSEN GARY W
245
_a
DATABASE MANAGEMENT AND DESIGN
250
_a
(2nd ed.)
260
_c
2004
_a
New Delhi
_b
Prentice-Hall
300
_a
xxvi, : 582
365
_c
RS
999
_c
419
_d
419